Normal view MARC view

Entry Personal Name

Number of records used in: 1

001 - CONTROL NUMBER

  • control field: 27979

003 - CONTROL NUMBER IDENTIFIER

  • control field: OSt

005 - DATE AND TIME OF LATEST TRANSACTION

  • control field: 20211005161722.0

008 - FIXED-LENGTH DATA ELEMENTS

  • fixed length control field: 211005|| aca||aabn | a|a d

040 ## - CATALOGING SOURCE

  • Original cataloging agency: OSt
  • Transcribing agency: OSt

100 ## - HEADING--PERSONAL NAME

  • Personal name: An, Brian Y. and Tang, Shui Yan

670 ## - SOURCE DATA FOUND

  • Source citation: Work cat.: (OSt)517754: An, Brian Y. and Tang, Shui Yan , Lessons from Covid-19 responses in east Asia: Institutional infrastructure and enduring policy instruments

Powered by Koha